00450nam a2200205Ia 4500003000900000008004100009040001300050040001300063041000800076100001300084245004700097250001200144260001200156260000900168300001200177300000900189300001200198490002800210490000600238IT-RoPAU120407s9999 xx 000 0 und d aIT-RoPAU cIT-RoPAU aita aPlatone  aTutti gli scritti. A.c. di Reale G. 2a ed. aMilano  aRusconi c1991 a1850 p. bill. c21,5 cm aI classici del pensiero v1